LEADER 00622nam a2200181 i 4500 001 000000103955 003 CaOOAMICUS 005 20260331112035.0 008 011023s1980 it u000 u ita u 040 $aSeMil$bita 245 10$a2: D-H. 300 $aXIX, P. 310-536. 773 0 $aCortelazzo, Manlio$tDizionario etimologico della lingua italiana.$dBologna : Zanichelli, 1979-1988.$g2$w()812 850 $aSeMil 852 $aSeMil$W1$xVenegono$y1$m1P VI 17/2$j269407$B60402$CSeMilBibl$Z2$F44871 $81 961 $aOmaggio: Ciprandi dott. Paolo 996 $6245$a2: D-H$9(OLS)http://semarc/title/150818